000 00539nam a2200193 a 4500
005 20140310183316.0
008 051117s19uu xx 00 eng d
020 _a9812652213
050 _aRJ 245
_b.L89 2005
100 _aLuxner, Karla L.
245 _aDelmar's pediatric :
_bnursing care plans /
_cKarla L. Luxner.
250 _a3rd ed.
260 _aSingapore :
_bDelmar Learning,
_c2005.
300 _axiii, 417 p. :
_bill. ;
_c23 cm.
521 _aNUR
650 _aNursing care plans.
942 _cBK
_2lcc
_kFOR
999 _c21270
_d21270